Normal view
MARC view
- Fairy tales
Entry Topical Term
001 - CONTROL NUMBER
- control field: 7441
003 - CONTROL NUMBER IDENTIFIER
- control field: OSt
005 - DATE AND TIME OF LATEST TRANSACTION
- control field: 20170524082312.0
008 - FIXED-LENGTH DATA ELEMENTS
- fixed length control field: 170524|| aca||aabn | a|a d
040 ## - CATALOGING SOURCE
- Original cataloging agency: OSt
- Transcribing agency: OSt
150 ## - HEADING--TOPICAL TERM
- Topical term or geographic name entry element: Fairy tales
- General subdivision: Classification
670 ## - SOURCE DATA FOUND
- Source citation: Work cat.: (OSt)0: Propp, V. 7440, Morfologi cerita rakyat /, 1987

PORTAL AKMAL
E-MEL JKDM
AKMAL2U
G-BAM
u-PUSTAKA